|
|
|
|
| LEADER |
00590 a2200169 4500 |
| 008 |
150121b xxu||||| |||| 00| 0 mal d |
| 999 |
|
|
|c 104368
|d 104368
|
| 020 |
|
|
|a 978818265422
|
| 082 |
|
|
|a 851.567
|
| 100 |
|
|
|a Yusafali Kecheri.
|
| 245 |
|
|
|a Thiranjedutha kavithakal /
|c Yusafali Kecheri.
|
| 260 |
|
|
|c 2011.
|b Mathrubhumi Books.
|a kozhikode
|
| 300 |
|
|
|a 240p.;
|c 21cm.
|
| 546 |
|
|
|a In malayalam
|
| 650 |
|
|
|a Malayalam poetry
|
| 942 |
|
|
|2 ddc
|c BK
|
| 952 |
|
|
|0 0
|1 0
|4 0
|6 851_567000000000000_THI_M
|7 0
|9 106111
|a UL
|b UL
|c ST1
|d 2014-01-06
|e 2
|g 112.20
|l 9
|m 5
|o 851.567 THI M
|p 91663
|r 2021-12-08
|s 2020-03-19
|v 165.00
|y BK
|